| 000 | 01152ngm a22002890a 4500 | ||
|---|---|---|---|
| 001 | PT16732 | ||
| 003 | AR-LpoUNG | ||
| 005 | 20210202000236.0 | ||
| 007 | vd cvaizq | ||
| 008 | 191001s1986||||ag |||||||||||||||||eng d | ||
| 037 | _c$8.30 | ||
| 040 |
_aAR-LpoUNG _bspa _cAR-LpoUNG _eaacr |
||
| 041 |
_aeng _aspa |
||
| 044 | _aag | ||
| 082 | 0 | _a853 613nom | |
| 100 | 1 |
_aAnnaud, Jean-Jacques _edir. |
|
| 245 | 1 | 3 |
_aEl nombre de la rosa : _btodo lo que queda de una rosa es solo su nombre |
| 260 |
_aBuenos Aires : _bTransmundo Home Video, _c[1986]. |
||
| 300 | _aVHS : son., col. | ||
| 520 | _aDos momjes franciscanos se aproximan a un monasterio benedictino, son los primeros en llegar a una cumbre de clérigos, en el monasterio se ha producido un asesinato y el abad le pide al hermano Williams -Sean Connery- que trate de resolver el caso pero sin entrar en la majestuosa biblioteca, sin embargo la clave del asesinato esta en la biblioteca, la película esta basada en la conocida novela de Umberto Eco. | ||
| 650 | 4 | _aCRISTIANISMO | |
| 650 | 4 | _aLITERATURA | |
| 650 | 4 | _aRELIGION | |
| 653 | _aVIDEOS | ||
| 905 | _a16732 | ||
| 942 | _cVIDEO | ||
| 999 |
_c54429 _d54429 |
||